| 000 | 00546nam a22001937a 4500 | ||
|---|---|---|---|
| 005 | 20250709160003.0 | ||
| 008 | 250709b |||||||| |||| 00| 0 eng d | ||
| 020 | _a978-0-324-59949-7 | ||
| 050 | _aHB 172 .N53 2010 | ||
| 100 | _aNICHOLSON, WALTER | ||
| 245 | _aTHEORY AND APPLICATION OF INTERMEDIATE MICROECONOMICS | ||
| 250 | _a11 | ||
| 260 |
_aAUSTRALIA _bSOUTH-WESTERN CENGAGE LEARNING _c2010 |
||
| 300 | _aXXXI,653P.:ILL | ||
| 500 | _aINCLUDES INDEX | ||
| 650 | _aMICROECONOMICS | ||
| 700 | _aSNYDER, CHRISTOPHER | ||
| 942 |
_2lcc _cBK |
||
| 999 |
_c215872 _d215872 |
||